El último mago o Bilembambudín /
Guardado en:
| Autor Principal: | |
|---|---|
| Otros Autores: | |
| Formato: | Libro |
| Publicado: |
Buenos Aires :
Alfaguara,
2013.
|
| Edición: | 2a ed. |
| Series: | Morada. Desde 8 años
|
| Materias: | |
| Etiquetas: |
Agregar Etiqueta
Sin Etiquetas, Sea el primero en etiquetar este registro!
|
| LEADER | 00733nam a22002415a 4500 | ||
|---|---|---|---|
| 001 | CEM.cems019752 | ||
| 008 | 221017s2013##################000#0#####d | ||
| 005 | 20221017095812.0 | ||
| 245 | 1 | 0 | |a El último mago o Bilembambudín / |c Elsa Bornemann ; ilustrado por Pablo Bernasconi. |
| 250 | |a 2a ed. | ||
| 260 | |a Buenos Aires : |b Alfaguara, |c 2013. | ||
| 300 | |a 176 p. | ||
| 490 | 0 | |a Morada. Desde 8 años | |
| 020 | |a 9789870402114 | ||
| 100 | 1 | |a Bornemann, Elsa. | |
| 700 | 1 | |a Bernasconi, Pablo; il. | |
| 082 | 0 | 4 | |a A863.4 |
| 653 | |a Literatura | ||
| 653 | |a Literatura argentina | ||
| 653 | |a Literatura infantil | ||
| 653 | |a Novela | ||
| 653 | |a Novela Infantil | ||
| 859 | |a CEMS |b BIB. CEMS - Inicial y Primaria |h A863.4 |i B645 |k IP |p 3840 |t Ej.1 | ||
